2006 report of the Methyl Bromide Technical Options Committee : (Record no. 26686)
[ view plain ]
| 000 -LEADER | |
|---|---|
| fixed length control field | 01768cam a22003375a 4500 |
| 001 - CONTROL NUMBER | |
| control field | 014542185 |
| 003 - CONTROL NUMBER IDENTIFIER | |
| control field | OSt |
| 005 - DATE AND TIME OF LATEST TRANSACTION | |
| control field | 20180510104337.0 |
| 008 - FIXED-LENGTH DATA ELEMENTS--GENERAL INFORMATION | |
| fixed length control field | 070712s2007 ke a frb 000 0 eng d |
| 020 ## - INTERNATIONAL STANDARD BOOK NUMBER | |
| International Standard Book Number | 9789280728279 |
| 040 ## - CATALOGING SOURCE | |
| Original cataloging agency | GUL |
| Language of cataloging | eng |
| Transcribing agency | GUL |
| Modifying agency | Uk |
| -- | EG-ScBUE |
| 082 04 - DEWEY DECIMAL CLASSIFICATION NUMBER | |
| Edition number | 22 |
| Classification number | 363.7387 |
| Item number | REP |
| 110 2# - MAIN ENTRY--CORPORATE NAME | |
| Corporate name or jurisdiction name as entry element | United Nations Environment Programme. |
| Subordinate unit | Methyl Bromide Technical Options Committee. |
| 245 10 - TITLE STATEMENT | |
| Title | 2006 report of the Methyl Bromide Technical Options Committee : |
| Remainder of title | 2006 assessment / |
| Statement of responsibility, etc | UNEP. |
| 246 15 - VARYING FORM OF TITLE | |
| Title proper/short title | UNEP 2006 report of the Methyl Bromide Technical Options Committee |
| 246 3# - VARYING FORM OF TITLE | |
| Title proper/short title | Report of the Methyl Bromide Technical Options Committee |
| 246 1# - VARYING FORM OF TITLE | |
| Display text | At head of title: |
| Title proper/short title | Montreal Protocol on Substances that Deplete the Ozone Layer |
| 260 ## - PUBLICATION, DISTRIBUTION, ETC. (IMPRINT) | |
| Place of publication, distribution, etc | Nairobi : |
| Name of publisher, distributor, etc | United Nations Environment Programme, |
| Date of publication, distribution, etc | 2007. |
| 300 ## - PHYSICAL DESCRIPTION | |
| Extent | xxi, 453 p. : |
| Other physical details | ill. ; |
| Dimensions | 30 cm. |
| 504 ## - BIBLIOGRAPHY, ETC. NOTE | |
| Bibliography, etc | Includes bibliographical references. |
| 530 ## - ADDITIONAL PHYSICAL FORM AVAILABLE NOTE | |
| Additional physical form available note | Also available via the Internet. Address as of 7/12/2007: http://ozone.unep.org/Assessment_Panels/TEAP/Reports/MBTOC/MBTOC-2006-Assessment%20Report.pdf. |
| 630 07 - SUBJECT ADDED ENTRY--UNIFORM TITLE | |
| Uniform title | Vienna Convention for the Protection of the Ozone Layer |
| Date of treaty signing | (1985). |
| Form subheading | Protocols, etc. |
| Date of treaty signing | 1987 September 15. |
| 650 #7 - SUBJECT ADDED ENTRY--TOPICAL TERM | |
| Topical term or geographic name as entry element | Ozone layer depletion |
| General subdivision | Environmental aspects. |
| Source of heading or term | BUEsh |
| 650 #7 - SUBJECT ADDED ENTRY--TOPICAL TERM | |
| Topical term or geographic name as entry element | Ozone layer depletion |
| General subdivision | Law and legislation. |
| Source of heading or term | BUEsh |
| 650 #7 - SUBJECT ADDED ENTRY--TOPICAL TERM | |
| Topical term or geographic name as entry element | Ozone-depleting substances. |
| Source of heading or term | BUEsh |
| 653 ## - INDEX TERM--UNCONTROLLED | |
| Resource For college | Generalities |
| Arrived date list | May2018 |
| 710 27 - ADDED ENTRY--CORPORATE NAME | |
| Corporate name or jurisdiction name as entry element | United Nations Environment Programme. |
| Subordinate unit | Ozone Secretariat. |
| 730 07 - ADDED ENTRY--UNIFORM TITLE | |
| Uniform title | Vienna Convention for the Protection of the Ozone Layer |
| Date of treaty signing | (1985). |
| Form subheading | Protocols, etc. |
| Date of treaty signing | 1987 September 15. |
| 856 41 - ELECTRONIC LOCATION AND ACCESS | |
| Uniform Resource Identifier | <a href="http://ozone.unep.org/Assessment_Panels/TEAP/Reports/MBTOC/MBTOC-2006-Assessment%20Report.pdf">http://ozone.unep.org/Assessment_Panels/TEAP/Reports/MBTOC/MBTOC-2006-Assessment%20Report.pdf</a> |
| Public note | Connect to electronic version |
| 942 ## - ADDED ENTRY ELEMENTS (KOHA) | |
| Source of classification or shelving scheme | Dewey Decimal Classification |
| Withdrawn status | Item status | Source of classification or shelving scheme | Damaged status | Not for loan | Home library | Current library | Shelving location | Date acquired | Total Checkouts | Full call number | Barcode | Date last seen | Koha item type |
|---|---|---|---|---|---|---|---|---|---|---|---|---|---|
| Dewey Decimal Classification | Central Library | Central Library | First floor | 10/05/2018 | 363.7387 REP | 000047737 | 15/07/2025 | Book - Borrowing |